都道府県別在留外国人統計(2024末) - Statistics

General Stats
  • This quiz has been taken 52 times
  • The average score is 56 of 60
Answer Stats
Country % Correct
中華人民共和国
100%
大韓民国
100%
中華人民共和国
100%
大韓民国
100%
中華人民共和国
100%
中華人民共和国
100%
大韓民国
100%
中華人民共和国
100%
中華人民共和国
100%
大韓民国
100%
大韓民国
100%
中華人民共和国
100%
大韓民国
100%
中華人民共和国
100%
中華人民共和国
100%
大韓民国
100%
大韓民国
100%
中華人民共和国
100%
中華人民共和国
100%
大韓民国
100%
中華人民共和国
100%
ベトナム
98%
ベトナム
98%
ベトナム
98%
ベトナム
98%
ベトナム
98%
ベトナム
98%
ベトナム
98%
ベトナム
98%
ベトナム
98%
ベトナム
98%
ベトナム
98%
ベトナム
98%
アメリカ合衆国
96%
ブラジル
93%
ブラジル
93%
ブラジル
93%
インドネシア
91%
インドネシア
91%
インドネシア
91%
インドネシア
91%
インドネシア
91%
インドネシア
91%
インドネシア
91%
インドネシア
91%
フィリピン
89%
フィリピン
89%
フィリピン
89%
フィリピン
89%
フィリピン
89%
フィリピン
89%
フィリピン
89%
フィリピン
89%
フィリピン
89%
ネパール
73%
ネパール
73%
ネパール
73%
ネパール
73%
ネパール
73%
ミャンマー
71%
No matching quizzes found
Score Distribution
Percent of People with Each Score
Percentile by Number Answered
Your Score History
You have not taken this quiz